Sisena Escola d'Estiu de Serveis Socials : de l'1 al 5 de juliol de 1996 : els serveis socials, un sistema que reforça la democràcia : programa / Comité de Recursos Tècnics de l'Àrea de Serveis Socials de la Diputació de Barcelona de l'1 al 5 de juliol de 1996 :
Descripción Física:
74 p. ; 21 cm
Materias:
Serveis socials -- Congressos
MARC
| LEADER | 00000nam a2200000Ia 4500 | ||
|---|---|---|---|
| 001 | 11392 | ||
| 003 | BGR | ||
| 005 | 20260324175256.0 | ||
| 008 | 160829s1996 xx 000 0 cat d | ||
| 080 | |a S-1-87 | ||
| 111 | |a Escola d'Estiu de Serveis Socials |9 70778 |c (Barcelona: |d 1996) | ||
| 245 | |a Sisena Escola d'Estiu de Serveis Socials : |b de l'1 al 5 de juliol de 1996 : |b els serveis socials, un sistema que reforça la democràcia : |b programa / Comité de Recursos Tècnics de l'Àrea de Serveis Socials de la Diputació de Barcelona | ||
| 260 | |a Barcelona : |b Diputació de Barcelona. Àrea de Serveis Socials, |c 1996 | ||
| 300 | |a 74 p. ; |c 21 cm | ||
| 650 | |a Serveis socials |x Congressos |9 24401 | ||
| 710 | |a Barcelona (Catalunya : Província). |b Àrea de Serveis Socials |9 53159 | ||
| 901 | |a Arxiu | ||
| 942 | |n 1 |2 udc |c MON | ||
| 952 | |0 0 |1 0 |4 0 |6 S187 |7 1 |9 43137 |a Arxiu |b Arxiu |d 2016-12-01 |l 0 |o S-1-87 |p 11392 |r 2016-12-01 00:00:00 |w 2016-12-01 |y ARXIU | ||
| 999 | |c 45681 |d 45681 | ||